<?xml version="1.0" encoding="UTF-8"?>
<record
    xmlns:xsi="http://www.w3.org/2001/XMLSchema-instance"
    xsi:schemaLocation="http://www.loc.gov/MARC21/slim http://www.loc.gov/standards/marcxml/schema/MARC21slim.xsd"
    xmlns="http://www.loc.gov/MARC21/slim">

  <leader>03241nam a2200553Ia 4500</leader>
  <controlfield tag="001">398</controlfield>
  <controlfield tag="008">241029s9999    xx            000 0 und d</controlfield>
  <datafield tag="010" ind1=" " ind2=" ">
    <subfield code="a">364</subfield>
  </datafield>
  <datafield tag="041" ind1=" " ind2=" ">
    <subfield code="a">Espa&#xF1;ol</subfield>
  </datafield>
  <datafield tag="082" ind1=" " ind2=" ">
    <subfield code="a">NO APLICA</subfield>
  </datafield>
  <datafield tag="245" ind1=" " ind2="0">
    <subfield code="a">Metaevaluaci&#xF3;n del desempe&#xF1;o de los y las docentes de la Escuela de Formaci&#xF3;n Educaci&#xF3;n de Media de la Universidad Aut&#xF3;noma de Santo Domingo (UASD) 2010-2011.</subfield>
  </datafield>
  <datafield tag="260" ind1=" " ind2=" ">
    <subfield code="a">Santo Domingo</subfield>
  </datafield>
  <datafield tag="300" ind1=" " ind2=" ">
    <subfield code="a">83</subfield>
  </datafield>
  <datafield tag="520" ind1=" " ind2=" ">
    <subfield code="a">9</subfield>
  </datafield>
  <datafield tag="630" ind1=" " ind2=" ">
    <subfield code="a">Desempe&#xF1;o Docente</subfield>
  </datafield>
  <datafield tag="630" ind1=" " ind2=" ">
    <subfield code="a">Evaluaci&#xF3;n del Desempe&#xF1;o</subfield>
  </datafield>
  <datafield tag="630" ind1=" " ind2=" ">
    <subfield code="a">Instrumentos de Evaluaci&#xF3;n</subfield>
  </datafield>
  <datafield tag="650" ind1=" " ind2=" ">
    <subfield code="a">Ense&#xF1;anza</subfield>
  </datafield>
  <datafield tag="690" ind1=" " ind2=" ">
    <subfield code="a">Elaborado</subfield>
  </datafield>
  <datafield tag="700" ind1=" " ind2=" ">
    <subfield code="e">asesor</subfield>
    <subfield code="a">Espaillat, Teresa</subfield>
  </datafield>
  <datafield tag="700" ind1=" " ind2=" ">
    <subfield code="e">autor</subfield>
    <subfield code="a">Correa , Yuleidy Tibrey</subfield>
  </datafield>
  <datafield tag="700" ind1=" " ind2=" ">
    <subfield code="e">autor</subfield>
    <subfield code="a">Del Rosario , Gregorio</subfield>
  </datafield>
  <datafield tag="901" ind1=" " ind2=" ">
    <subfield code="a">{"1":"Correa ","2":"Del Rosario "}</subfield>
    <subfield code="b">{"1":"Yuleidy Tibrey","2":"Gregorio"}</subfield>
  </datafield>
  <datafield tag="902" ind1=" " ind2=" ">
    <subfield code="a">1</subfield>
  </datafield>
  <datafield tag="903" ind1=" " ind2=" ">
    <subfield code="a">{"1":"Espaillat"}</subfield>
    <subfield code="b">{"1":"Teresa"}</subfield>
  </datafield>
  <datafield tag="904" ind1=" " ind2=" ">
    <subfield code="a">Maestr&#xED;a en</subfield>
  </datafield>
  <datafield tag="905" ind1=" " ind2=" ">
    <subfield code="a">Educaci&#xF3;n Superior</subfield>
  </datafield>
  <datafield tag="906" ind1=" " ind2=" ">
    <subfield code="a">2</subfield>
  </datafield>
  <datafield tag="907" ind1=" " ind2=" ">
    <subfield code="a">NO APLICA</subfield>
  </datafield>
  <datafield tag="908" ind1=" " ind2=" ">
    <subfield code="a">NO APLICA</subfield>
  </datafield>
  <datafield tag="909" ind1=" " ind2=" ">
    <subfield code="a">Universidad Aut&#xF3;noma de Santo Domingo (UASD)</subfield>
  </datafield>
  <datafield tag="910" ind1=" " ind2=" ">
    <subfield code="a">NULL</subfield>
    <subfield code="b">NULL</subfield>
  </datafield>
  <datafield tag="911" ind1=" " ind2=" ">
    <subfield code="a">["1"]</subfield>
  </datafield>
  <datafield tag="912" ind1=" " ind2=" ">
    <subfield code="a">NO APLICA</subfield>
  </datafield>
  <datafield tag="913" ind1=" " ind2=" ">
    <subfield code="a">NULL</subfield>
  </datafield>
  <datafield tag="914" ind1=" " ind2=" ">
    <subfield code="a">01 de Mayo de 2013</subfield>
  </datafield>
  <datafield tag="915" ind1=" " ind2=" ">
    <subfield code="a">12/06/14 01:06</subfield>
  </datafield>
  <datafield tag="916" ind1=" " ind2=" ">
    <subfield code="a">NULL</subfield>
  </datafield>
  <datafield tag="917" ind1=" " ind2=" ">
    <subfield code="a">NULL</subfield>
  </datafield>
  <datafield tag="918" ind1=" " ind2=" ">
    <subfield code="a">NO APLICA</subfield>
  </datafield>
  <datafield tag="919" ind1=" " ind2=" ">
    <subfield code="a">["62","100","122"]</subfield>
  </datafield>
  <datafield tag="520" ind1=" " ind2=" ">
    <subfield code="a">Los principales objetivos del estudio consistieron en describir el funcionamiento y efectividad de la evoluci&#xF3;n del desempe&#xF1;o de los y las docentes de la Escuela de Formaci&#xF3;n Educaci&#xF3;n de Media de la UASD en los a&#xF1;os 2010-2011, determinar los criterios tomados en cuenta de las evaluaciones de desempe&#xF1;o de los y las docentes de la UASD y determinar las t&#xE9;cnicas implementadas para la aplicaci&#xF3;n de los instrumentos de evaluaci&#xF3;n en al UASD.La metodolog&#xED;a utilizada fue explorativa y descriptiva utilizando los enfoques cualitativo y cuantitativo como instrumentos se utiliz&#xF3; el cuestionario.Se trabaj&#xF3; con una poblaci&#xF3;n de 16 maestros de la Escuela de Formaci&#xF3;n Educaci&#xF3;n de Media y 10 miembros de la Comisi&#xF3;n de Autoestudio y Evaluaci&#xF3;n de la Universidad Aut&#xF3;noma de Santo Domingo. &#xA0;Como muestra se tomaron 9 maestros y 4 miembros de la Comisi&#xF3;n de Autoestudio y Evaluaci&#xF3;n.El estudio concluy&#xF3; que en la Universidad Aut&#xF3;noma de Santo Domingo se realizan evaluaciones del desempe&#xF1;o docente, ya que est&#xE1; funcionando una comisi&#xF3;n que tiene estos fines, que no existe una periocidad firme en la aplicaci&#xF3;n de las evaluaciones, que la calidad de las evaluaciones aplicadas es regular, que no se hace un uso apropiado de los resultados de las evaluaciones y que existen serias debilidades en el cumplimiento por parte de los docentes.El estudio recomend&#xF3; que se debe mantener y fortalecer el sistema de evaluaci&#xF3;n docente actualmente instalada e informarlo, establecer una periocidad en la aplicaci&#xF3;n de las evaluaciones darle a conocer a toda la comunidad educativa, y cumplir&#xED;a de manera rigurosa y los resultados de las evaluaciones deben entregarse siempre y en tiempo prudente, previamente establecido.</subfield>
  </datafield>
  <datafield tag="921" ind1=" " ind2=" ">
    <subfield code="a">16</subfield>
  </datafield>
  <datafield tag="922" ind1=" " ind2=" ">
    <subfield code="a">16</subfield>
  </datafield>
  <datafield tag="923" ind1=" " ind2=" ">
    <subfield code="a">0</subfield>
  </datafield>
  <datafield tag="924" ind1=" " ind2=" ">
    <subfield code="a">NO APLICA</subfield>
  </datafield>
  <datafield tag="942" ind1=" " ind2=" ">
    <subfield code="c">Tesis</subfield>
  </datafield>
  <datafield tag="999" ind1=" " ind2=" ">
    <subfield code="c">364</subfield>
    <subfield code="d">364</subfield>
  </datafield>
</record>
